Toutes les équipes nationales de rugby à 7 en Europe - Statistiques

Statistiques générales
  • Ce quiz a été pris 25 fois
  • Le résultat moyen est 29 sur 38
Statistiques - réponses
Niveaux équipes nationales % Correct
🌟 élite mondiale (circuit mondial / podiums) France
100%
🌍 Italie
96%
🌍 régulière (compétitions internationales fréquentes) Angleterre
92%
🌍 Ecosse
92%
🌟 Irlande
92%
🌍 Pays de Galles
92%
🌎émergente (niveau continental) Allemagne
88%
🌍 Espagne
88%
🌍 Portugal
88%
🌎 Belgique
84%
🌎 Suisse
84%
🛠 Danemark
80%
🛠 Norvège
80%
🌎 Roumanie
80%
🌎 Slovaquie
80%
🛠 Suède
80%
🌎 Ukraine
80%
🌎 Autriche
76%
🛠 Finlande
76%
🛠 Grèce
76%
🌎 Pays-Bas
76%
🌎 Pologne
76%
🌎 République Tchèque
76%
🛠 Serbie
76%
🌎 Hongrie
72%
🛠 Islande
72%
🛠 Lettonie
72%
🛠 développement (équipes en structuration) Lituanie
72%
🛠 Luxembourg
72%
🛠 Andorre
68%
🛠 Bulgarie
68%
🛠 Croatie
68%
🛠 Estonie
68%
🛠 Monaco
68%
🛠 Malte
64%
🛠 Moldavie
60%
🛠 Saint-Marin
52%
🛠 Bosnie-Herzégovine
48%
Aucun quiz correspondant
Distribution des résultats
% des personnes avec chaque résultat
Percentile par nombre de réponses
Votre historique - résultats
Vous n’avez pas pris ce quiz